[Event "XXIX Balaton Open A"]
[Site "Heviz HUN"]
[Date "2011.10.21"]
[Round "4"]
[White "Genda,K"]
[Black "Kucera,T1"]
[Result "0-1"]
[WhiteElo "2091"]
[BlackElo "1973"]

1.e4 c5 2.Nf3 e6 3.d4 cxd4 4.Nxd4 a6 5.Nc3 b5 6.Be2 Bb7 7.Bf3 Qc7 8.O-O d6
9.Re1 Nd7 10.g3 Ngf6 11.a3 Be7 12.Bg2 Rc8 13.f4 h5 14.h3 Nb6 15.Kh2 Nc4 16.a4 b4
17.Na2 Qc5 18.b3 Na3 19.Nxb4 Qxb4 20.Bxa3 Qb6 21.e5 dxe5 22.Rxe5 Ng4+ 23.hxg4 hxg4+
24.Kg1 Bxg2 25.Re1 Bf3 26.a5 Qa7 27.Qd3 Bf6 28.Bb2 Rh1+ 29.Kf2 Rxc2+ 30.Ke3 Rxe1+
31.Rxe1 Rxb2  0-1

[Event "XXIX Balaton Open A"]
[Site "Heviz HUN"]
[Date "2011.10.22"]
[Round "5"]
[White "Kummer,Hei"]
[Black "Varadi,B"]
[Result "0-1"]
[WhiteElo "1812"]
[BlackElo "2043"]

1.e4 c5 2.Nf3 e6 3.d4 cxd4 4.Nxd4 a6 5.Nc3 b5 6.Bd3 Bb7 7.Nb3 Qc7 8.Be3 Nf6
9.f3 Bb4 10.Bd2 O-O 11.Qe2 Nc6 12.Nd1 d5 13.Bxb4 Nxb4 14.a3 dxe4 15.fxe4 Nc6
16.Nf2 Ne5 17.O-O Rac8 18.Rac1 Rfd8 19.h3 Ng6 20.Qe3 Qe5 21.Rb1 Nf4 22.Nd2 Qg5
23.Ng4 Nxg4 24.Qxf4 Qxf4 25.Rxf4 Ne5 26.Nf3 Nxd3 27.cxd3 Rxd3 28.Ne5 Rd2
29.Rxf7 Bxe4 30.Rf2 Rxf2 31.Kxf2 Bxb1  0-1

[Event "TCh-SUI 2011"]
[Site "Lausanne SUI"]
[Date "2011.10.22"]
[Round "8.4"]
[White "Netzer,Je"]
[Black "Zueger,B"]
[Result "1/2-1/2"]
[WhiteElo "2400"]
[BlackElo "2417"]

1.e4 c5 2.Nf3 e6 3.d4 cxd4 4.Nxd4 a6 5.Nc3 b5 6.Bd3 Bb7 7.O-O Nc6 8.Nxc6 Bxc6
9.Qe2 Bc5 10.Be3 Bxe3 11.Qxe3 Ne7 12.Rad1 O-O 13.a3 f5 14.Ne2 fxe4 15.Bxe4 Bxe4
16.Qxe4 Nd5 17.Nd4 Nf6 18.Qh4 Nd5 19.Qe4 Nf6 20.Qh4 Nd5 21.Qxd8 Raxd8 22.Rfe1 Rc8
23.c3 Rc7 24.g3 Rb8 25.Nf3 Kf8 26.Ne5 Rb6 27.Rd2 Nf6 28.Kg2 Ke7 29.Red1 d6
30.Nd3 g5 31.Re2 Kf7 32.Rf1 e5 33.f3 a5 34.Rh1 Rc4 35.Rd1 Rc8 36.Ne1 Re8
37.Nc2 d5 38.Rde1 Nd7 39.Ne3 Nf6 40.Nf5 Nd7 41.h4 gxh4 42.Nxh4 b4 43.cxb4 axb4
44.Nf5 bxa3 45.bxa3 Kg6 46.Nh4+ Kf6 47.Rd2 Ke6 48.g4 Ra8 49.Re3 Rba6 50.Nf5 Rxa3
51.Nd4+ Ke7 52.Rxa3 Rxa3 53.Nb5 Ra4 54.Rxd5 Rc4 55.Nd6 Rc2+ 56.Kg3 Ke6 57.Rd1 Nf6
58.Nf5 Rc3 59.Re1 h5 60.Ng7+ Kf7 61.Nxh5 e4 62.Nxf6 Rxf3+ 63.Kh4 Rxf6 64.Rxe4  1/2-1/2

[Event "TCh-SUI 2011"]
[Site "Lausanne SUI"]
[Date "2011.10.22"]
[Round "8.1"]
[White "Huebner,R"]
[Black "Charnushevich,A"]
[Result "1/2-1/2"]
[WhiteElo "2600"]
[BlackElo "2505"]

1.e4 c5 2.Nf3 e6 3.Nc3 a6 4.d4 cxd4 5.Nxd4 Qc7 6.g3 Nc6 7.Bg2 Nf6 8.O-O d6
9.b3 Be7 10.Bb2 Bd7 11.Nce2 Rc8 12.c4 O-O 13.Rc1 Qb8 14.Qd2 b5 15.cxb5 Nxd4
16.Nxd4 axb5 17.a3 Rxc1 18.Rxc1 Rc8 19.Rxc8+ Qxc8 20.Nc2 e5 21.Ne3 Qc5 22.Qc3 Qxc3
23.Bxc3 Kf8 24.f3 Be6 25.Bf1 Bxb3 26.Bxb5 d5 27.Bxe5 Bxa3 28.Bxf6 gxf6 29.Nxd5 Bxd5
30.exd5 h6 31.Kg2 Bc5 32.Kh3 Bd6 33.Kg4 Bc5 34.Kh5 Kg7 35.f4 Bd6 36.Be2 Bc5
37.Kg4 Kf8 38.Kf5 Ke7 39.Bh5 Bb4 40.Ke4 Bc5 41.Bd1 Bg1 42.Kf3 Bc5 43.Bb3  1/2-1/2

[Event "29th Muensterland Open"]
[Site "Senden GER"]
[Date "2011.10.23"]
[Round "3.4"]
[White "Rueberg,J"]
[Black "Podzielny,KH"]
[Result "0-1"]
[WhiteElo "2162"]
[BlackElo "2470"]

1.e4 c5 2.Nf3 e6 3.Nc3 a6 4.d4 cxd4 5.Nxd4 Qc7 6.Bd3 Nf6 7.Qe2 d6 8.f4 g6
9.O-O Bg7 10.Kh1 O-O 11.Bd2 Re8 12.Rae1 Nfd7 13.Nf3 Nc6 14.Qf2 b5 15.Ng5 b4
16.Na4 Bb7 17.Be3 Nf6 18.h3 h6 19.Nf3 d5 20.e5 Ne4 21.Bxe4 dxe4 22.Nd2 Ne7
23.Nc5 Nf5 24.Ndxe4 Bd5 25.Kh2 Rec8 26.Rc1 Qc6 27.g4 Bxe4 28.Nxe4 Qxe4 29.gxf5 Qxf5
30.Bd4 h5 31.c3 bxc3 32.bxc3 Rab8 33.Qc2 Qxc2+ 34.Rxc2 Rc4 35.Rff2 Bf8 36.Rb2 Rb5
37.Rxb5 axb5 38.Rd2 b4 39.cxb4 Bxb4 40.Rd3 Rc2+ 41.Kg3 Rxa2 42.Rb3 Be1+ 43.Kf3 Kg7
44.Bg1 Bh4 45.Re3 Rc2 46.Re2 Rxe2 47.Kxe2 g5 48.fxg5 Kg6 49.Bd4 Bxg5  0-1

[Event "TCh-SVK Extraliga 2011-12"]
[Site "Slovakia SVK"]
[Date "2011.10.23"]
[Round "2"]
[White "Zagrapan,P"]
[Black "Sromovsky,J"]
[Result "1-0"]
[WhiteElo "2139"]
[BlackElo "2028"]

1.e4 c5 2.Nf3 e6 3.d4 cxd4 4.Nxd4 a6 5.Nc3 Qc7 6.g3 Nf6 7.Bg2 d6 8.O-O Be7
9.a4 Nbd7 10.f4 O-O 11.a5 Rb8 12.Be3 Re8 13.g4 Nf8 14.g5 N6d7 15.f5 exf5
16.Nd5 Qd8 17.Nxe7+ Rxe7 18.Nxf5 Ne5 19.Nxe7+ Qxe7 20.Qd2 Nc4 21.Qc3 Nxe3
22.Qxe3 Qe5 23.Qa7 d5 24.exd5 b6 25.Qxf7+  1-0

[Event "12th Liberec Open"]
[Site "Liberec CZE"]
[Date "2011.10.25"]
[Round "4"]
[White "Novotny,L"]
[Black "Iwanow,A"]
[Result "0-1"]
[WhiteElo "2019"]
[BlackElo "2191"]

1.e4 c5 2.Nf3 e6 3.d4 cxd4 4.Nxd4 a6 5.Nc3 Qc7 6.Be2 b5 7.a3 Bb7 8.O-O Nf6
9.Qd3 b4 10.axb4 Bxb4 11.Bf3 d6 12.Ra4 Bxc3 13.Rc4 Qb6 14.Qxc3 Nbd7 15.Be3 Qd8
16.Nc6 Bxc6 17.Rxc6 Ne5 18.Bb6 Qb8 19.Bc7 Qb5 20.Rb6 Nxf3+ 21.Qxf3 Qc5 22.e5 Nd5
23.Rb8+ Rxb8 24.Bxb8 dxe5 25.Bxe5 f6 26.b4 Qxb4 27.c3 Qc4 28.Bd6 Qc6 29.Ba3 Qxc3
30.Qe2 Kf7 31.Bb2 Nf4 32.Qe4 Qxb2 33.Qxf4 Re8 34.h4 Qb5 35.Qc7+ Re7 36.Qc8 Re8
37.Qc2 Kg8 38.Rb1 Qd7 39.Qc4 a5 40.Qa6 Qd4 41.Qc6 Kf8 42.Rb7 Qd1+ 43.Kh2 Qd5
44.Qc7 Qe5+ 45.Qxe5 fxe5 46.Ra7 a4 47.Rxa4 Kf7 48.Kg3 Rd8 49.Ra7+ Kf6 50.Ra3 Rd4
51.Ra7 h5 52.Ra5 Rd3+ 53.Kh2 g6 54.Ra2 e4 55.Re2 Kf5 56.g3 e5 57.Kg2 Rb3
58.Kh2 e3 59.f3 Ke6 60.g4 Kd5 61.Kg3 Kd4 62.f4 Kd3 63.Rg2 e2 64.Rg1 Kd2+
65.Kf2 e4 66.gxh5 gxh5 67.Ra1 e1=Q+  0-1

[Event "33rd Arco Open"]
[Site "Arco ITA"]
[Date "2011.10.26"]
[Round "5"]
[White "Basso,Pier Luigi"]
[Black "Wagner,Frank"]
[Result "1-0"]
[WhiteElo "2051"]
[BlackElo "1910"]

1.e4 c5 2.Nf3 e6 3.d4 cxd4 4.Nxd4 a6 5.Nc3 Qc7 6.Bd3 Bc5 7.Nb3 Ba7 8.O-O Ne7
9.Kh1 O-O 10.f4 f5 11.Rf3 Nbc6 12.Rh3 Nd4 13.Qh5 h6 14.Rg3 Kh8 15.Nxd4 Bxd4
16.Ne2 Bc5 17.b4 Bf2 18.Bb2 Bxg3 19.Qxh6+  1-0

[Event "1st Central Asia Cup"]
[Site "Tashkent UZB"]
[Date "2011.10.26"]
[Round "9.15"]
[White "Isaev,J"]
[Black "Vladimirov,V UZB"]
[Result "1/2-1/2"]
[WhiteElo "2385"]
[BlackElo "2208"]

1.e4 c5 2.Nf3 e6 3.d4 cxd4 4.Nxd4 a6 5.Nc3 Qc7 6.Bd3 b5 7.O-O Nf6 8.Be3 Bb7
9.a3 Nc6 10.Nb3 Ne5 11.f3 d5 12.exd5 Nxd5 13.Nxd5 Bxd5 14.Be4 Rd8 15.Bxd5 Rxd5
16.Qe2 Nc4 17.a4 Bd6 18.f4 O-O 19.axb5 axb5 20.c3 e5 21.f5 Nxe3 22.Qxe3 f6
23.Kh1 Rd8 24.Rfd1 Qc4 25.Rxd5 Qxd5 26.Na5 Bc5 27.Qe2 Bb6 28.b4 e4 29.c4 Qd4
30.Rc1 Bxa5 31.bxa5 bxc4 32.h3 Qd3 33.Qa2 Qb3 34.Qe2 Qd3 35.Qa2 Qb3 36.Qe2 Qd3  1/2-1/2

[Event "6th Kavalier Open"]
[Site "Vienna AUT"]
[Date "2011.10.28"]
[Round "5"]
[White "Schweitzer,W"]
[Black "Kassel,W"]
[Result "1-0"]
[WhiteElo "2060"]
[BlackElo "1950"]

1.e4 c5 2.Nf3 e6 3.d4 cxd4 4.Nxd4 a6 5.Nc3 Qc7 6.Be2 Nc6 7.O-O Nf6 8.Be3 Be7
9.f4 d6 10.Qe1 O-O 11.Qg3 Bd7 12.f5 Nxd4 13.Bxd4 e5 14.Be3 b5 15.Bh6 Ne8
16.f6 Bxf6 17.Rxf6 Kh8 18.Raf1 gxh6 19.Rxf7 Rg8 20.Qh4 Qc5+ 21.Kh1 Be6 22.R7f6 Qc8
23.Rxh6 Ra7 24.Bh5 b4 25.Bf7 Rg7 26.Bxe6  1-0

[Event "6th Deizisau Herbstopen"]
[Site "Deizisau GER"]
[Date "2011.10.29"]
[Round "1.4"]
[White "Becker,Matthias"]
[Black "Meijers,V"]
[Result "0-1"]
[WhiteElo "1919"]
[BlackElo "2471"]

1.e4 c5 2.Nf3 e6 3.d4 cxd4 4.Nxd4 a6 5.Nc3 b5 6.Bd3 Bb7 7.O-O b4 8.Nce2 Nf6
9.Ng3 h5 10.Re1 Bc5 11.Nb3 Bb6 12.Be3 Bxe3 13.Rxe3 Ng4 14.Re1 Qb6 15.Qe2 g6
16.Nd2 Ne5 17.Nc4 Nxc4 18.Bxc4 h4 19.Nf1 h3 20.g3 Nc6 21.Red1 Ne5 22.a3 Rc8
23.Bb3 a5 24.axb4 axb4 25.Nd2 Qc5 26.Nf3 Nxf3+ 27.Qxf3 Qe5 28.Ba4 O-O 29.Rxd7 Bxe4
30.Qg4 Qxb2 31.Re1 Bf5 32.Qg5 Qa3 33.Bb3 Qa8  0-1

[Event "World Youth U16 Ol"]
[Site "Kocaeli TUR"]
[Date "2011.10.29"]
[Round "7.2"]
[White "Ahmed,Fareed"]
[Black "Abdulla,Abdulwahab"]
[Result "0-1"]
[WhiteElo "1711"]
[BlackElo "1763"]

1.e4 c5 2.Nf3 e6 3.d4 cxd4 4.Nxd4 a6 5.Nc3 b5 6.Be3 Bb7 7.f3 Qb6 8.Qd2 Bc5
9.O-O-O g6 10.g4 e5 11.b4 Bxd4 12.Bxd4 Qxd4  0-1

[Event "TCh-NED Meesterklasse 2011-12"]
[Site "Netherlands NED"]
[Date "2011.10.29"]
[Round "2.1"]
[White "Van Haastert,E"]
[Black "Lemmers,O"]
[Result "1-0"]
[WhiteElo "2430"]
[BlackElo "2382"]

1.e4 c5 2.Nf3 e6 3.d4 cxd4 4.Nxd4 a6 5.Nc3 Qc7 6.Bd3 Nf6 7.O-O Bc5 8.Nb3 Be7
9.f4 d6 10.e5 dxe5 11.fxe5 Nfd7 12.Qg4 g6 13.Bf4 Nxe5 14.Qg3 Nbc6 15.Rae1 f6
16.Ne4 f5 17.Nd4 Qb6 18.Bxe5 O-O 19.Kh1 Nxe5 20.Qxe5 fxe4 21.Bc4 Bd6 22.Nxe6  1-0

[Event "19th Skopje Open"]
[Site "Skopje MKD"]
[Date "2011.10.29"]
[Round "6"]
[White "Stojanovski,D"]
[Black "Milanovic,Da"]
[Result "1/2-1/2"]
[WhiteElo "2427"]
[BlackElo "2516"]

1.e4 c5 2.Nf3 e6 3.Nc3 a6 4.d4 cxd4 5.Nxd4 Nc6 6.Be3 Nf6 7.Bd3 d5 8.exd5 exd5
9.h3 Bd6 10.Qd2 O-O 11.O-O-O Re8 12.g4 Be5 13.Nce2 Bd7 14.f3 Rc8 15.Kb1  1/2-1/2

[Event "TCh-HUN 2011-12"]
[Site "Budapest HUN"]
[Date "2011.10.30"]
[Round "2"]
[White "Nestorovic,N"]
[Black "Horvath,Cs1"]
[Result "0-1"]
[WhiteElo "2464"]
[BlackElo "2517"]

1.e4 c5 2.Nf3 e6 3.d4 cxd4 4.Nxd4 a6 5.Nc3 b5 6.Bd3 Qb6 7.Be3 Bc5 8.Be2 Nc6
9.Nxc6 dxc6 10.Bxc5 Qxc5 11.Qd3 Nf6 12.f4 e5 13.f5 a5 14.O-O-O Ba6 15.Qf3 a4
16.a3 O-O 17.Na2 Rfd8 18.g4 Rd4 19.g5 Nxe4 20.Rxd4 Qxd4 21.Rd1 Nxg5 22.Qxc6 Qe3+
23.Kb1 Rf8 24.Nc3 b4 25.Bxa6 bxc3 26.Qxc3 Qxc3 27.bxc3 Ne4 28.Rd7 Nc5 29.Ra7 Nxa6
30.Rxa6 f6 31.Rxa4 g6 32.fxg6 f5 33.gxh7+ Kxh7 34.Kc1 Kg6 35.Kd2 f4 36.Ke2 Kf5
37.Kf2 Rh8 38.Kg2 Rd8 39.Ra5 Ke4 40.h4 f3+ 41.Kf2 Rd2+ 42.Kf1 Kf4 43.h5 e4  0-1

[Event "Frauenbundesliga 2011-12"]
[Site "Germany GER"]
[Date "2011.10.30"]
[Round "2.4"]
[White "Zakurdjaeva, Irina"]
[Black "Sharevich, Anna"]
[Result "1/2-1/2"]
[WhiteElo "2263"]
[BlackElo "2257"]

1.e4 c5 2.Nf3 e6 3.d4 cxd4 4.Nxd4 a6 5.Nc3 Qc7 6.Be2 b5 7.a3 Nc6 8.Be3 Nf6
9.f4 Bb7 10.e5 Nxd4 11.Qxd4 Nd5 12.Nxd5 Bxd5 13.O-O Rc8 14.Bf3 Bxf3 15.Rxf3 Bc5
16.Qxc5 Qxc5 17.Bxc5 Rxc5 18.c3 Rd5 19.Kf1 Ke7 20.Ke2 f6 21.exf6+ gxf6 22.Rg3 Kf7
23.a4 Rb8 24.b4 Rb7 25.axb5 axb5 26.Ra8 h5 27.Rag8 Ke7 28.Rd3 Rxd3 29.Kxd3 Kf7
30.Rh8 Kg6 31.g3 Rb6 32.Rc8 Kf5 33.Ke3 h4 34.gxh4 Kg4 35.Rc7 d6 36.Rf7 Rc6
37.Kd3 f5 38.Re7 d5 39.Rb7 Kxf4 40.Rxb5 Rc8 41.Rc5 Rh8 42.b5 Ke5 43.b6 Kd6
44.Rb5 Kc6 45.Rb2 Kb7 46.Kd4 Rxh4+ 47.Ke5 Re4+ 48.Kf6 f4 49.h4 f3 50.Rf2 Rxh4
51.Kxe6 Kxb6  1/2-1/2

[Event "15th OIBM"]
[Site "Bad Wiessee GER"]
[Date "2011.10.31"]
[Round "3.2"]
[White "Berchtenbreiter,M"]
[Black "Nisipeanu,LD"]
[Result "0-1"]
[WhiteElo "2290"]
[BlackElo "2638"]

1.e4 c5 2.Nc3 e6 3.Nf3 a6 4.d4 cxd4 5.Nxd4 b5 6.Bd3 Bb7 7.O-O d6 8.Qe2 Nf6
9.Bd2 b4 10.Na4 Nc6 11.Nxc6 Bxc6 12.b3 d5 13.e5 Ne4 14.Bxe4 dxe4 15.Rfd1 Qa5
16.a3 Qb5 17.Qe3 bxa3 18.c4 Qxe5 19.Qb6 Bxa4 20.bxa4 Bc5 21.Qc6+ Ke7 22.Bc3 Qxc3
23.Qxc5+ Kf6 24.f4 g6 25.Rxa3 Qb2 26.Re3 Rhc8 27.Qg5+ Kg7 28.Rxe4 h6 29.Qa5 Rc6
30.h4 Rac8 31.Rdd4 Qb6 32.Qxb6 Rxb6 33.Re5 Rb4 34.Ra5 Rcxc4 35.Rxc4 Rxc4
36.g3 Rc6 37.Kf2 h5 38.Ke3 f6 39.Kf3 Rc3+ 40.Kg2 Rc6 41.Kf3 Kf7 42.g4 Rc3+
43.Kg2 hxg4 44.Rxa6 f5 45.a5 Rf3 46.Ra8 Rxf4 47.a6 Ra4 48.a7 Kg7  0-1

[Event "38th ch-IND w 2011"]
[Site "Chennai IND"]
[Date "2011.10.31"]
[Round "3"]
[White "Madhurima,S"]
[Black "Nandhidhaa,P"]
[Result "0-1"]
[WhiteElo "1906"]
[BlackElo "2105"]

1.e4 c5 2.Nc3 e6 3.Nf3 a6 4.d4 cxd4 5.Nxd4 Qc7 6.Bd3 Nf6 7.O-O Bc5 8.Nb3 Be7
9.f4 d6 10.e5 dxe5 11.fxe5 Qxe5 12.Bf4 Qh5 13.Be2 Qg6 14.h4 h5 15.Bg5 Ng8
16.Bd3 f5 17.Qe2 Kf7 18.Rae1 Nc6 19.Na4 b5 20.Nac5 e5 21.Qf3 Bxg5 22.hxg5 Nge7
23.Rxe5 Nxe5 24.Qxa8 Qxg5 25.Rf2 Ng4 26.Qf3 Nxf2 27.Qxf2 h4 28.a4 h3 29.axb5 hxg2
30.Qxg2 Qe3+ 31.Kf1 Rh4 32.Be2 axb5 33.Nd3 Be6 34.Qf3 Nd5 35.Nbc5 Qxf3+ 36.Bxf3 Ne3+
37.Kf2 Nxc2 38.Ne5+ Kf6  0-1

[Event "19th Skopje Open"]
[Site "Skopje MKD"]
[Date "2011.10.31"]
[Round "8"]
[White "Stojkovska,M"]
[Black "Milanovic,Ma"]
[Result "1-0"]
[WhiteElo "1927"]
[BlackElo "1851"]

1.e4 c5 2.Nf3 e6 3.Nc3 a6 4.d4 cxd4 5.Nxd4 Qc7 6.Bd3 Nf6 7.O-O d6 8.Kh1 Nbd7
9.f4 Be7 10.Qf3 O-O 11.Bd2 b5 12.a3 Bb7 13.Rae1 Nc5 14.Qg3 Rfd8 15.f5 e5
16.Nf3 Rac8 17.Bh6 Bf8 18.Bg5 Be7 19.Nd2 Kh8 20.Re3 h6 21.Qh4 Ng8 22.f6 Bxf6
23.Bxf6 gxf6 24.Rxf6 Kg7 25.Rg3+ Kf8 26.Rxg8+ Kxg8 27.Rxh6 f6 28.Rh8+ Kf7
29.Qh7+ Ke6 30.Qf5+ Ke7 31.Rh7+ Ke8 32.Qg6+  1-0

[Event "19th Skopje Open"]
[Site "Skopje MKD"]
[Date "2011.10.31"]
[Round "8"]
[White "Markovic,Ma"]
[Black "Nikolov,Mo"]
[Result "0-1"]
[WhiteElo "2285"]
[BlackElo "2578"]

1.e4 c5 2.Nf3 e6 3.d4 cxd4 4.Nxd4 a6 5.Nc3 Qc7 6.g3 Bb4 7.Qd3 Nf6 8.Bg2 d6
9.O-O Nbd7 10.f4 Bxc3 11.bxc3 Nc5 12.Qe2 O-O 13.g4 d5 14.exd5 exd5 15.f5 Re8
16.Qf3 Na4 17.g5 Ne4 18.Be3 Naxc3 19.Rae1 Bd7 20.Qh5 Qe5 21.Rf4 g6 22.Qh4 Bxf5
23.Nf3 Qc7 24.Qh6 f6 25.gxf6 Nxf6 26.Rxf5 Ng4 27.Qg5 Nxe3 28.Re5 Rxe5 29.Nxe5 Nxg2
30.Kxg2 Ne4 31.Rxe4 Qxc2+ 32.Kg1 Qb1+ 33.Kf2 Qxe4 34.Qe7 Rf8+  0-1

[Event "15th OIBM"]
[Site "Bad Wiessee GER"]
[Date "2011.11.02"]
[Round "5.15"]
[White "Krivoborodov,E"]
[Black "Wagner,De"]
[Result "1-0"]
[WhiteElo "2505"]
[BlackElo "2290"]

1.e4 c5 2.Nf3 e6 3.d4 cxd4 4.Nxd4 a6 5.Nc3 Qc7 6.Bd3 Nf6 7.f4 b5 8.e5 b4
9.Na4 Nd5 10.Be4 Bb7 11.O-O g6 12.c4 Qxc4 13.b3 Qc7 14.Qf3 Nc6 15.Bb2 Rc8
16.Bxd5 Nxd4 17.Bxd4 Bxd5 18.Qf2 Qc6 19.Nb6 Rc7 20.Be3 Be4 21.Rac1 Qb7 22.Rxc7 Qxc7
23.Rc1 Bc6 24.Nc4 h5 25.h4 Be7 26.Bc5 Ba8 27.Bxb4 Kf8 28.Bd6 Qd8 29.Bxe7+ Qxe7
30.Nd6 Kg7 31.Rc7 Qd8 32.Rc8 Qe7 33.Rxh8 Kxh8 34.Qg3 Kg8 35.Qg5 Qf8 36.Qf6 Bd5
37.Kh2 a5 38.Kh3 a4 39.bxa4 Bxa2 40.a5 Bd5 41.g3 Bf3 42.a6 Be2 43.a7 Bf3
44.Kh2 Bd5 45.Kg1 Bc6 46.Kf2 Bd5 47.Ke3 Bc6 48.Kd4 Bd5 49.Kc5 Bc6 50.Kb6 Bd5
51.Kc7 Bc6 52.Qd8  1-0

[Event "1st Panama Open"]
[Site "Panama City PAN"]
[Date "2011.11.03"]
[Round "1.5"]
[White "Ortiz Suarez,I"]
[Black "Mathews,B"]
[Result "1-0"]
[WhiteElo "2553"]
[BlackElo "2034"]

1.e4 c5 2.Nf3 e6 3.d4 cxd4 4.Nxd4 a6 5.Nc3 Qc7 6.Bd3 Nf6 7.Qe2 d6 8.g4 Nc6
9.Nb3 Ne5 10.g5 Nfd7 11.f4 Nxd3+ 12.cxd3 Be7 13.Be3 O-O 14.f5 Re8 15.f6 Bf8
16.Bd4 g6 17.h4 h5 18.gxh6 Kh7 19.Be3 d5 20.h5 Bb4 21.hxg6+ fxg6 22.O-O-O Ne5
23.Kb1 Nf7 24.Na4 Bd7 25.Nb6 Rad8 26.Rc1 Bc6 27.Rhg1 Rg8 28.Nd4 Qd6 29.a3 Ba5
30.e5 Qxe5 31.Rxc6 bxc6 32.Nxc6 Qc7 33.Nxd8 Qxd8 34.Na4 e5 35.Nc5 Bb6 36.Nxa6 d4
37.Bd2 Qa8 38.Nb4 Bc5 39.Qg4 Bxb4 40.Bxb4 Qa6 41.Qf3 Qe6 42.Rc1 Rc8 43.Rxc8 Qxc8
44.Qd5 Qe8 45.Bd2 g5 46.a4 Kxh6 47.a5 Kh5 48.a6  1-0

[Event "1st Panama Open"]
[Site "Panama City PAN"]
[Date "2011.11.04"]
[Round "3.12"]
[White "Ostos,J"]
[Black "Zapata,Alo"]
[Result "1/2-1/2"]
[WhiteElo "2342"]
[BlackElo "2483"]

1.e4 c5 2.Nf3 e6 3.Nc3 a6 4.d4 cxd4 5.Nxd4 Qc7 6.Bd3 Nc6 7.Nxc6 dxc6 8.O-O e5
9.Qf3 Nf6 10.Qg3 Be6 11.a4 a5 12.Be3 Be7 13.f3 O-O 14.Qf2 Nd7 15.Nb1 b6 16.Nd2 Bc5
17.Bc4 Bxe3 18.Qxe3 Nc5 19.Bxe6 Nxe6 20.Nc4 b5 21.axb5 cxb5 22.Nb6 Rab8 23.Nd5 Qxc2
24.Rf2 Qc4 25.Rxa5 Rfd8 26.Ra1 Qd4 27.Qe1 Ra8 28.Ne7+ Kf8 29.Nc6 Rxa1 30.Qxa1 Qd1+
31.Rf1 Qxa1 32.Rxa1 Rc8 33.Nxe5 Rc2 34.Ra8+ Ke7 35.Ra7+ Nc7 36.Nd3 Kd6 37.e5+ Kd7
38.b4 Kc6 39.f4 Kb6 40.Ra1 Nd5 41.g3 Rc3 42.Rd1 Ne3 43.Rd2 Nc4 44.Rd1 Ne3  1/2-1/2

[Event "FSIM November"]
[Site "Budapest HUN"]
[Date "2011.11.05"]
[Round "1"]
[White "Farago,S"]
[Black "Szeberenyi,A"]
[Result "0-1"]
[WhiteElo "2317"]
[BlackElo "2324"]

1.e4 c5 2.Nf3 e6 3.d4 cxd4 4.Nxd4 a6 5.Nc3 Qc7 6.Bd3 Nf6 7.Qe2 d6 8.f4 Nc6
9.Nxc6 bxc6 10.O-O e5 11.fxe5 dxe5 12.Na4 Be7 13.Be3 a5 14.Bb6 Qb8 15.Bc4 O-O
16.Kh1 c5 17.b3 Nd7 18.Rxf7 Rxf7 19.Rf1 Nf6 20.Qh5 Nxh5 21.Rxf7 Ba6 22.Bd5 Bb7
23.Be6 Kh8 24.Rxe7 Qd6 25.Bxc5 Qd1+ 26.Bg1 Bxe4 27.Nc3 Qxc2 28.Nxe4 Qxe4
29.Rd7 Nf4 30.Rd2 Nxe6  0-1

[Event "38th ch-IND w 2011"]
[Site "Chennai IND"]
[Date "2011.11.05"]
[Round "7"]
[White "Michelle Catherina,P"]
[Black "Bala Kannamma,P"]
[Result "1-0"]
[WhiteElo "2088"]
[BlackElo "1978"]

1.e4 c5 2.Nf3 e6 3.d4 cxd4 4.Nxd4 a6 5.Nc3 Qc7 6.Bd3 Nf6 7.f4 Bb4 8.O-O Bxc3
9.bxc3 Qxc3 10.Be3 Nxe4 11.Qg4 O-O 12.f5 Nf6 13.Qg3 e5 14.Ne2 Qc6 15.Qxe5 b5
16.Qg3 Bb7 17.Rae1 b4 18.Bd4 a5 19.Nf4 Na6 20.Be4 Qd6 21.Bxf6 Qxf6 22.Bxb7 Qb6+
23.Kh1 Qxb7 24.f6 g6 25.Qg5 Qc6 26.Nd5 Kh8 27.Qh6 Rg8 28.Ne7 Qc4 29.Nxg8 Rxg8
30.Rf4 Qxc2 31.Qxh7+  1-0

[Event "TCh-BEL 2011-12"]
[Site "Belgium BEL"]
[Date "2011.11.06"]
[Round "3.3"]
[White "Wantiez,F"]
[Black "Dambacher,M"]
[Result "1/2-1/2"]
[WhiteElo "2355"]
[BlackElo "2496"]

1.e4 c5 2.Nf3 e6 3.d4 cxd4 4.Nxd4 a6 5.Nc3 b5 6.Bd3 Qb6 7.Nf3 Nc6 8.O-O Qb8
9.Re1 Nge7 10.b3 Ng6 11.Bb2 Bc5 12.e5 Ngxe5 13.Nxe5 Nxe5 14.a4 b4 15.Ne4 Be7
16.Re3 Nxd3 17.Qxd3 d5 18.Ng3 f6 19.Nf5 exf5 20.Rae1 Ra7 21.Bd4 Rc7 22.Qe2 O-O
23.Rxe7 Rxe7 24.Qxe7 Qb7 25.Qd6 Qd7 26.Bc5 Rd8 27.Qxd7 Bxd7 28.Bxb4 f4 29.Bc5 Rc8
30.b4 Bxa4 31.c3 a5 32.Ra1 axb4 33.Bxb4 Bd7 34.f3 Kf7 35.Kf2 g5 36.Re1 Be6
37.Ra1 Rc4 38.Rd1 h5 39.Rd4 Rc8 40.h3 Ra8 41.Rd2 Ra1 42.Bc5 Bc8 43.Re2 Be6
44.Re1 Ra2+ 45.Kg1 Rc2 46.Bd4 f5 47.Be5 Bd7 48.Rd1 Ke6 49.Re1 Kf7 50.Rd1 Ke6
51.Re1  1/2-1/2

[Event "1st Panama Open"]
[Site "Panama City PAN"]
[Date "2011.11.06"]
[Round "7.12"]
[White "Espinosa Veloz,E"]
[Black "Barros,R2"]
[Result "1-0"]
[WhiteElo "2452"]
[BlackElo "2263"]

1.e4 c5 2.Nf3 e6 3.d4 cxd4 4.Nxd4 a6 5.Nc3 Qc7 6.g3 Nf6 7.Bg2 Nc6 8.O-O Be7
9.Re1 Nxd4 10.Qxd4 d6 11.a4 O-O 12.h3 Bd7 13.Be3 Bc6 14.a5 Rfe8 15.Qd2 Rac8
16.Bb6 Qb8 17.Bd4 Nd7 18.Na4 Bf6 19.Nb6 Rcd8 20.Nxd7 Rxd7 21.Bxf6 gxf6 22.c4 Qd8
23.b4 Kg7 24.Qd4 Rg8 25.Red1 Qc7 26.Rac1 e5 27.Qe3 Ba4 28.Rd3 Rc8 29.Ra3 Bc6
30.b5 Bxb5 31.h4 Rdd8 32.g4 Qc5 33.Qg3 Bxc4 34.g5 Kh8 35.Rac3 Qd4 36.Bf1 Be6
37.gxf6  1-0

[Event "FSFMA November"]
[Site "Budapest HUN"]
[Date "2011.11.10"]
[Round "6"]
[White "Makrai,P"]
[Black "Farkas,R"]
[Result "0-1"]
[WhiteElo "1812"]
[BlackElo "2111"]

1.e4 c5 2.Nf3 e6 3.d4 cxd4 4.Nxd4 a6 5.Nc3 Qc7 6.a3 Nf6 7.Bd3 Bc5 8.Nb3 Be7
9.Be3 d6 10.O-O O-O 11.Qf3 Nbd7 12.Qg3 Ne5 13.Be2 Rd8 14.Nd2 b5 15.f3 Bb7
16.f4 Nc6 17.f5 Kh8 18.Rad1 e5 19.Qf2 Nd4 20.Bd3 Ng4 21.Qe1 Nxe3 22.Qxe3 d5
23.Kh1 dxe4 24.Ndxe4 f6 25.h3 Rac8 26.Kh2 Nc6 27.Nc5 Bxc5 28.Qxc5 e4+ 29.Kh1 exd3
30.cxd3 Nd4 31.Qxc7 Rxc7 32.Rde1 Kg8 33.Kh2 Kf7 34.g4 Nf3+  0-1

[Event "21st World Seniors"]
[Site "Rijeka CRO"]
[Date "2011.11.15"]
[Round "1.37"]
[White "Gousseinov,A"]
[Black "Chernov,Evgen"]
[Result "0-1"]
[WhiteElo "2007"]
[BlackElo "2311"]

1.e4 c5 2.Nf3 e6 3.Nc3 a6 4.d4 cxd4 5.Nxd4 Qc7 6.Be2 Nf6 7.O-O Nc6 8.a3 d6
9.Be3 Be7 10.f4 O-O 11.Bf3 Na5 12.Bf2 e5 13.Nde2 Nc4 14.b3 Nb6 15.Qd2 Ng4
16.Be1 d5 17.Bxg4 Bxg4 18.exd5 Rad8 19.fxe5 Nxd5 20.Nxd5 Qc5+ 21.Nd4 Qxd5
22.c3 Qxe5 23.Bg3 Qd5 24.h3 Bc8 25.Qc2 f5 26.Rad1 Bxa3 27.Nxf5 Bxf5 28.Rxd5 Bxc2
29.Rxf8+ Rxf8 30.b4 Be4  0-1

[Event "21st World Seniors Women"]
[Site "Rijeka CRO"]
[Date "2011.11.15"]
[Round "1.7"]
[White "Zaitseva,T"]
[Black "Kabanova,I"]
[Result "1/2-1/2"]
[WhiteElo "2183"]
[BlackElo "1959"]

1.e4 c5 2.Nf3 e6 3.d4 cxd4 4.Nxd4 a6 5.Nc3 Qc7 6.Be3 Nf6 7.Be2 d6 8.O-O Be7
9.h3 Bd7 10.Qd2 Nc6 11.Rad1 Rd8 12.f4 Nxd4 13.Bxd4 Bc6 14.Qe3 Rc8 15.f5 O-O
16.Bb6 Qb8 17.Ba7 Qc7 18.Bb6 Qb8 19.Ba7 Qc7  1/2-1/2

[Event "5th Mediterranean Open"]
[Site "Rijeka CRO"]
[Date "2011.11.15"]
[Round "5.11"]
[White "Baron,Ta"]
[Black "Blazeka,Da"]
[Result "1-0"]
[WhiteElo "2504"]
[BlackElo "2020"]

1.e4 c5 2.Nf3 e6 3.d4 cxd4 4.Nxd4 a6 5.Nc3 b5 6.Bd3 Qb6 7.Nf3 Bb7 8.a4 b4
9.a5 Qc7 10.Na4 Bc5 11.Qd2 Ba7 12.Qg5 Ne7 13.Bf4 d6 14.Qxg7 Rg8 15.Qxh7 Qxa5
16.O-O e5 17.Bc4 d5 18.Nxe5  1-0

[Event "21st World Seniors Women"]
[Site "Rijeka CRO"]
[Date "2011.11.16"]
[Round "2.8"]
[White "Thipsay,B"]
[Black "Kuznetsova,L"]
[Result "1-0"]
[WhiteElo "2152"]
[BlackElo "2087"]

1.e4 c5 2.Nf3 e6 3.d4 cxd4 4.Nxd4 a6 5.Nc3 Qc7 6.Bd3 Nf6 7.O-O Be7 8.Kh1 d6
9.f4 O-O 10.Qf3 Nc6 11.Be3 Bd7 12.Nb3 Nb4 13.Rac1 Nxd3 14.cxd3 Bc6 15.Nd4 Qa5
16.Nxc6 bxc6 17.b3 Rac8 18.Rc2 Nd7 19.Ne2 Qb5 20.Bd4 c5 21.Bb2 Qb7 22.f5 e5
23.Nc3 Nb8 24.Nd5 f6 25.g4 Nc6 26.Rg2 Bd8 27.Bc3 a5 28.Qg3 Ra8 29.Bd2 h6
30.h4 Qf7 31.g5 hxg5 32.hxg5 fxg5 33.Rh2 Re8 34.Qh3 Kf8 35.f6 Bxf6 36.Qh8+  1-0

[Event "WYCC U18 Girls"]
[Site "Caldas Novas BRA"]
[Date "2011.11.18"]
[Round "1"]
[White "Pinargote Carreno,K"]
[Black "Abdulla,K"]
[Result "0-1"]
[WhiteElo "1929"]
[BlackElo "2216"]

1.e4 c5 2.Nf3 e6 3.d4 cxd4 4.Nxd4 a6 5.Nc3 Qc7 6.Be2 Nf6 7.f3 Bb4 8.Bd2 Nc6
9.Nb3 h5 10.Bd3 Ne5 11.Qe2 b5 12.a3 Bd6 13.O-O-O Nc4 14.g3 Nxd2 15.Qxd2 b4
16.axb4 Bxb4 17.Kb1 Rb8 18.Qf4 Qxf4 19.gxf4 a5 20.Nd4 d6 21.Ka2 Bd7 22.Nb3 a4
23.Nd4 a3 24.Rb1 O-O 25.Ndb5 Bxb5 26.Nxb5 axb2 27.Rxb2 Bd2 28.Nxd6 Ra8+ 29.Kb3 Bxf4
30.Nb5 Nd7 31.c3 Rfd8 32.Be2 Nc5+ 33.Kc2 Na4 34.Rb4 Rd2+ 35.Kb3 Nc5+ 36.Kc4 Na6
37.Ra4 Rc8+  0-1

[Event "WYCC U14 Open"]
[Site "Caldas Novas BRA"]
[Date "2011.11.18"]
[Round "1"]
[White "Bezuidenhout,Roland"]
[Black "Bilguun,Sumiya"]
[Result "0-1"]
[WhiteElo "1811"]
[BlackElo "2200"]

1.e4 c5 2.Nf3 e6 3.d4 cxd4 4.Nxd4 a6 5.Nc3 Qc7 6.Be3 Bb4 7.Qd2 Nf6 8.f3 d5
9.exd5 Nxd5 10.Nde2 Nc6 11.Bd4 e5 12.Bf2 Be6 13.a3 Ba5 14.O-O-O O-O-O 15.Qe1 Nxc3
16.Rxd8+ Rxd8 17.Nxc3 Nd4 18.Bd3 Kb8 19.Bg3 f6 20.f4 exf4 21.Bf2 Bc4 22.Bxd4 Rxd4
23.Bxh7 Bf7 24.Bd3 Ra4 25.Rf1 g5 26.g3 Rxa3 27.bxa3 Bxc3 28.Qe4 Qd6 29.g4 Bd5
30.Qe8+ Ka7 31.a4 Qa3+ 32.Kd1 Bf3+  0-1